Normal view
MARC view
Entry Topical Term
001 - CONTROL NUMBER
- control field: 32024
003 - CONTROL NUMBER IDENTIFIER
- control field: OSt
005 - DATE AND TIME OF LATEST TRANSACTION
- control field: 20211105135500.0
008 - FIXED-LENGTH DATA ELEMENTS
- fixed length control field: 211105|| aca||aabn | a|a d
040 ## - CATALOGING SOURCE
- Original cataloging agency: OSt
- Transcribing agency: OSt
150 ## - HEADING--TOPICAL TERM
- Topical term or geographic name entry element: Astronomy-Study and teaching(Higher)-United States-Directories
670 ## - SOURCE DATA FOUND
- Source citation: Work cat.: (OSt): American Institute of Physics 2416, 2008 graduate programs inphysics, astronomy, and related fields, 2008